Things That Are Swiss - Statistics

General Stats
  • This quiz has been taken 331 times
  • The average score is 4 of 10
Answer Stats
Clue Answer % Correct
A dairy product with holes Swiss Cheese
97%
A mountain region of Switzerland Swiss Alps
75%
A tool incorporating several blades Swiss Army Knife
57%
Cocoa product produced in Switzerland Swiss Chocolate
55%
A time teller made in Switzerland Swiss Watch
53%
The official name of Switzerland Swiss Confederation
30%
Hot Chocolate company Swiss Miss
27%
A cylindrical cake filled with jam or icing Swiss Roll
23%
A type of exercise sphere Swiss Ball
20%
Company that sells backpacks Swiss Gear
7%
No matching quizzes found
Score Distribution
Percent of People with Each Score
Percentile by Number Answered
Your Score History
You have not taken this quiz